|
|
|
|
| LEADER |
00000nab a2200000 4500 |
| 001 |
vtls012008449 |
| 003 |
SK-MaSNL |
| 005 |
20260304215251.0 |
| 008 |
201210|1986 xo |||| ||an ||00 0|slo |
| 015 |
|
|
|a SNBRB2020/12
|
| 040 |
|
|
|a SPKCL
|b slo
|e rda
|
| 041 |
|
|
|a slo
|b ger
|b eng
|b rus
|b slo
|
| 044 |
|
|
|a xo
|c SK
|
| 072 |
|
7 |
|a 028
|x Čítanie
|2 konspekt
|
| 080 |
|
|
|a 028-056.263
|2 2011
|
| 100 |
1 |
|
|a Harišová, Katarína
|4 aut
|9 1549811
|
| 245 |
1 |
0 |
|a Čítanie v štvrtom ročníku základnej školy pre nepočujúcich
|c Katarína Harišová, Peter Bajo
|
| 300 |
|
|
|b Tabuľky
|
| 336 |
|
|
|a text
|b txt
|2 rdacontent
|
| 337 |
|
|
|a počítač
|b nc
|2 rdamedia
|
| 338 |
|
|
|a online zdroj
|b cr
|2 rdacarrier
|
| 504 |
|
|
|a Obsahuje bibliografiu
|
| 546 |
|
|
|a Anglické, nemecké, slovenské a ruské resumé
|
| 650 |
0 |
7 |
|a čítanie
|2 SNKPH
|9 1654
|
| 650 |
0 |
7 |
|a ročník štvrtý
|2 snkbucl
|9 1106624
|
| 650 |
0 |
7 |
|a základné školy
|2 SNKPH
|9 1280
|
| 650 |
0 |
7 |
|a výskum
|2 SNKPH
|9 4238
|
| 650 |
0 |
7 |
|a sluchovo postihnuté deti
|2 SNKPH
|9 1077
|
| 655 |
|
7 |
|a BZB
|2 SNKPH
|9 1080216
|
| 700 |
1 |
|
|a Bajo, Peter
|4 aut
|9 1549813
|
| 773 |
0 |
|
|t Paedagogica specialis XII : Acta facultatis paedagogicae (online)
|d Bratislava : Univerzita Komenského Bratislava, 1986
|g S. 99-113
|z 9788022328623
|
| 856 |
4 |
1 |
|u http://alis.uniba.sk/storage/uk/fif/acta/k-vtls000199011pdf
|
| 958 |
|
|
|a NB
|
| 999 |
|
|
|c 3145591
|d 3147521
|